Statystyki dla Megamiasta na mapie świata

Kliknij tutaj aby rozwiązać quiz!

Ogólne statystyki

  • Ten quiz został rozwiązany 10 215 razy
    (2 868 od ostatniego zresetowania)
  • Średni wynik to 23 z 44

Odpowiedzi na mapie

Odpowiedzi skodowane kolorowo w zielono-czerwonej skali na mapie do tego quizu, zgodnie z poniższymi procentami.
 

Statystyki odpowiedzi

PopulacjaKrajMiasto% Poprawnych
17,4 mlnRosjaMoskwa
98%
14,8 mlnWielka BrytaniaLondyn
97%
11,4 mlnFrancjaParyż
97%
23,0 mlnStany ZjednoczoneNowy Jork
96%
40,7 mlnJaponiaTokio
93%
24,7 mlnMeksykMeksyk
92%
20,5 mlnChinyPekin
88%
17,5 mlnStany ZjednoczoneLos Angeles
87%
21,9 mlnEgiptKair
86%
16,5 mlnTurcjaStambuł
85%
13,3 mlnBrazyliaRio de Janeiro
84%
16,8 mlnArgentynaBuenos Aires
80%
32,4 mlnIndieDelhi
76%
11,4 mlnPeruLima
69%
24,8 mlnKorea PołudniowaSeul
69%
10,0 mlnKolumbiaBogota
67%
22,7 mlnBrazyliaSao Paulo
66%
39,3 mlnChinySzanghaj
65%
15,8 mlnIranTeheran
64%
28,6 mlnIndonezjaDżakarta
61%
26,1 mlnIndieMumbaj
57%
19,9 mlnTajlandiaBangkok
56%
26,4 mlnFilipinyManila
55%
14,5 mlnPołudniowa AfrykaJohannesburg
53%
20,7 mlnNigeriaLagos
47%
17,7 mlnJaponiaOsaka
47%
14,5 mlnDem. Rep. KongaKinszasa
42%
17,2 mlnIndieKolkata
40%
20,9 mlnBangladeszDhaka
39%
65,1 mlnChinyKanton
36%
10,8 mlnChinyWuhan
36%
18,6 mlnPakistanKaraczi
27%
10,9 mlnWietnamHo Chi Minh
22%
10,5 mlnJaponiaNagoja
16%
11,6 mlnChinyXi'an
16%
11,9 mlnIndieĆennaj
12%
13,9 mlnPakistanLahaur
11%
11,2 mlnChinyTiencin
11%
13,2 mlnIndieBengaluru
9%
10,1 mlnChinyChongqing
9%
10,7 mlnIndieHajdarabad
8%
14,1 mlnChinyXiamen
8%
12,5 mlnChinyHangzhou
6%
10,0 mlnChinyChangsha
5%

Rozkład punktacji

Percentyl według liczby udzielonych odpowiedzi

Procent ludzi z każdym wynikiem

Twoja historia wyników

Nie rozwiązałeś tego quizu od ostatniego zresetowania